[Event "Olympiad Women-39"]
[Site "Khanty-Mansiysk"]
[Date "2010.10.03"]
[Round "11.27"]
[White "Cua, Shercila"]
[Black "Pereira, Amanda Marques"]
[Result "1-0"]
[WhiteElo "2099"]
[BlackElo "1980"]
[PlyCount "93"]
[EventDate "2010.09.21"]
[EventType "team-swiss"]
[EventRounds "11"]
[EventCountry "RUS"]
[SourceTitle "CBM 139"]
[Source "ChessBase"]
[SourceDate "2010.11.18"]
[SourceVersion "1"]
[SourceVersionDate "2010.11.18"]
[SourceQuality "1"]
[WhiteTeam "Philippines (W)"]
[BlackTeam "Brazil (W)"]
[WhiteTeamCountry "PHI"]
[BlackTeamCountry "BRA"]

1. d4 Nf6 2. c4 e6 3. Nf3 Bb4+ 4. Bd2 Qe7 5. g3 Nc6 6. a3 Bxd2+ 7. Qxd2 d6 8. Nc3 0-0 9. Bg2 a5 10. b3 e5 11. d5 Nb8 12. e4 Na6 13. 0-0 Nc5 14. Qc2 a4 15. b4 Nb3 16. Rae1 Bd7 17. Qd3 Ne8 18. Nd2 Nd4 19. f4 g6 20. Ne2 Nxe2+ 21. Rxe2 Ng7 22. fxe5 dxe5 23. Qc3 Rae8 24. Rfe1 h5 25. h3 Qg5 26. Qe3 Qxe3+ 27. Rxe3 Rd8 28. Nb1 Ne8 29. c5 c6 30. Nc3 Nc7 31. d6 Nb5 32. Nxa4 Nd4 33. Rc1 b5 34. cxb6 Be6 35. Nc5 Rxd6 36. a4 Rb8 37. b7 Rdd8 38. Bf1 f5 39. exf5 Bxf5 40. a5 Nc2 41. Rxc2 Bxc2 42. a6 Kf7 43. a7 Rxb7 44. Nxb7 Ra8 45. Ra3 Ke7 46. Nc5 Kd6 47. Bg2 1-0

[Event "PHI-ch (Women)"]
[Site "Tagaytay City"]
[Date "2010.05.26"]
[Round "2"]
[White "Mejia, Cherry Ann"]
[Black "Cua, Shercila"]
[Result "1/2-1/2"]
[WhiteElo "1868"]
[BlackElo "2142"]
[PlyCount "72"]
[EventDate "2010.05.25"]
[EventType "tourn"]
[EventRounds "11"]
[EventCountry "PHI"]
[SourceTitle "CBM 136 Extra"]
[Source "ChessBase"]
[SourceDate "2010.07.02"]
[SourceVersion "2"]
[SourceVersionDate "2010.07.15"]
[SourceQuality "1"]

1. e4 e6 2. d3 d5 3. Nd2 Nf6 4. Ngf3 Be7 5. g3 c5 6. Bg2 Nc6 7. 0-0 b5 8. Re1 Bb7 9. c3 a5 10. e5 Nd7 11. Nf1 a4 12. Bf4 b4 13. c4 Nb6 14. Ne3 g5 15. cxd5 exd5 16. Bxg5 Bxg5 17. Nxg5 Qxg5 18. Nxd5 Nxd5 19. Bxd5 Qe7 20. e6 f6 21. Qh5+ Kd8 22. Bxc6 Bxc6 23. Rac1 Ra5 24. d4 Kc7 25. d5 Bb7 26. Rcd1 Rd8 27. Qf5 Rd6 28. Re4 Kb6 29. Rh4 c4 30. Rxh7 Raxd5 31. Rxd5 Rxd5 32. Qxd5 Qxh7 33. Qd4+ Kc7 34. Qc5+ Bc6 35. Qa7+ Bb7 36. Qc5+ Bc6 1/2-1/2

[Event "Asian Indoor Games 3rd Prelim"]
[Site "Ha Long City"]
[Date "2009.11.05"]
[Round "6"]
[White "Cua, Shercila"]
[Black "Muminova, Nafisa"]
[Result "0-1"]
[WhiteElo "2142"]
[BlackElo "2347"]
[PlyCount "98"]
[EventDate "2009.11.05"]
[EventType "team (rapid)"]
[EventRounds "9"]
[EventCountry "VIE"]
[SourceTitle "CBM 133 Extra"]
[Source "ChessBase"]
[SourceDate "2010.01.05"]
[SourceVersion "1"]
[SourceVersionDate "2010.01.05"]
[SourceQuality "1"]

1. d4 e6 2. c4 Nf6 3. Nf3 d5 4. g3 dxc4 5. Bg2 Nc6 6. Qa4 Bb4+ 7. Bd2 Bxd2+ 8. Nbxd2 0-0 9. Qxc4 Re8 10. Rc1 a6 11. 0-0 Nd5 12. Rfd1 Bd7 13. Ne4 b6 14. a3 Qe7 15. Nc3 Nxc3 16. Rxc3 Ra7 17. Rdc1 Rc8 18. Qd3 Nd8 19. Qc2 h6 20. e3 a5 21. Ne5 Bb5 22. f4 Be8 23. Kf2 Bb5 24. a4 Be8 25. Bc6 Bxc6 26. Nxc6 Nxc6 27. Rxc6 Rb7 28. Qe4 Qd7 29. Rxe6 Qxe6 30. Qxb7 Re8 31. Rc3 Qa2 32. Qc6 Re7 33. Qb5 Qb1 34. Qe2 Qh1 35. h4 Qh2+ 36. Ke1 Qxg3+ 37. Kd2 Qxh4 38. b3 Qh1 39. Kc2 h5 40. Kb2 h4 41. Qg4 Qe1 42. Qc8+ Kh7 43. Qh3 Qg3 44. Qf5+ g6 45. Qf6 Rd7 46. f5 Qf2+ 47. Ka3 Qxf5 48. Qxh4+ Kg7 49. Qg3 Qb1 0-1

[Event "Asian Indoor Games 3rd Prelim"]
[Site "Ha Long City"]
[Date "2009.11.05"]
[Round "3"]
[White "Karavade, Eesha"]
[Black "Cua, Shercila"]
[Result "1-0"]
[WhiteElo "2413"]
[BlackElo "2142"]
[PlyCount "113"]
[EventDate "2009.11.05"]
[EventType "team (rapid)"]
[EventRounds "9"]
[EventCountry "VIE"]
[SourceTitle "CBM 133 Extra"]
[Source "ChessBase"]
[SourceDate "2010.01.05"]
[SourceVersion "1"]
[SourceVersionDate "2010.01.05"]
[SourceQuality "1"]

1. d4 d5 2. c4 e6 3. Nf3 Nf6 4. Nc3 c6 5. e3 Nbd7 6. Qc2 Bd6 7. Bd3 0-0 8. 0-0 Qe7 9. e4 dxc4 10. Bxc4 e5 11. h3 h6 12. Be3 Re8 13. Rfe1 a6 14. Bb3 exd4 15. Bxd4 Ne5 16. Nh4 Nh5 17. Nf5 Bxf5 18. exf5 Qg5 19. Kf1 Qf4 20. Be3 Qh2 21. Ne4 Bc7 22. f3 Rad8 23. Rad1 Rxd1 24. Rxd1 Ng3+ 25. Nxg3 Qxg3 26. Qf2 Qxf2+ 27. Kxf2 Rd8 28. Rxd8+ Bxd8 29. Ke2 Kf8 30. f4 Nd7 31. Kd3 Bf6 32. Bd4 Bxd4 33. Kxd4 Ke7 34. g4 f6 35. h4 Kd6 36. Be6 Nc5 37. Bc8 a5 38. b3 b6 39. Kc4 Kc7 40. Be6 Kd6 41. Bc8 Ne4 42. Kd4 Nc5 43. Kc4 Ne4 44. Kd4 Nf2 45. g5 Nh3 46. gxh6 gxh6 47. Ke3 Kc5 48. a3 b5 49. Be6 Kd6 50. Kf3 Ng1+ 51. Kf2 Kc5 52. Kxg1 Kd4 53. Bd7 Kc3 54. Bxc6 Kxb3 55. Bxb5 Kxa3 56. Kf2 Kb4 57. Bd7 1-0

[Event "Ho Chi Minh City zt 3.3 (Women)"]
[Site "Ho Chi Minh City"]
[Date "2009.07.29"]
[Round "9"]
[White "Cua, Shercila"]
[Black "Le, Hoang Tran Chau"]
[Result "1-0"]
[WhiteElo "2167"]
[BlackElo "2073"]
[PlyCount "84"]
[EventDate "2009.07.23"]
[EventType "swiss"]
[EventRounds "9"]
[EventCountry "VIE"]
[SourceTitle "CBM 131 Extra"]
[Source "ChessBase"]
[SourceDate "2009.09.03"]
[SourceVersion "2"]
[SourceVersionDate "2009.09.16"]
[SourceQuality "1"]

1. d4 b6 2. Nf3 Bb7 3. g3 e6 4. Bg2 f5 5. 0-0 Nf6 6. c4 Be7 7. Nc3 0-0 8. d5 Bb4 9. Nd4 Bxc3 10. bxc3 exd5 11. Ba3 c5 12. Nxf5 Ne4 13. Ne3 dxc4 14. Nxc4 d5 15. Bxe4 dxe4 16. Nd6 Qc7 17. Qb3+ Kh8 18. Nxb7 Qxb7 19. Bxc5 Re8 20. Be3 Nc6 21. Rfd1 h6 22. Rd6 Na5 23. Qb5 Qf7 24. Bxh6 Re6 25. Qd5 Rae8 26. Bf4 Qf6 27. Rxe6 Qxe6 28. Rd1 Qxd5 29. Rxd5 Rc8 30. Be5 Nc6 31. a4 Nxe5 32. Rxe5 Rc4 33. a5 Rxc3 34. axb6 axb6 35. Rxe4 Rc1+ 36. Kg2 Rb1 37. Re7 b5 38. Rb7 Kh7 39. Kf3 b4 40. Kg4 b3 41. f4 Kg6 42. e4 b2 1-0

[Event "Olympiad Women-38"]
[Site "Dresden"]
[Date "2008.11.23"]
[Round "10"]
[White "Kachiani Gersinska, Ketino"]
[Black "Cua, Shercila"]
[Result "1-0"]
[WhiteElo "2371"]
[BlackElo "2154"]
[PlyCount "43"]
[EventDate "2008.11.13"]
[EventType "team-swiss"]
[EventRounds "11"]
[EventCountry "GER"]
[SourceTitle "CBM 128"]
[Source "ChessBase"]
[SourceDate "2009.01.28"]
[SourceVersion "1"]
[SourceVersionDate "2009.01.28"]
[SourceQuality "1"]
[WhiteTeam "Germany (W)"]
[BlackTeam "Philippines (W)"]
[WhiteTeamCountry "GER"]
[BlackTeamCountry "PHI"]

1. d4 d5 2. c4 c6 3. Nf3 Nf6 4. e3 Bf5 5. Nc3 e6 6. Nh4 Be4 7. f3 Bg6 8. Qb3 Qc7 9. Bd2 Bd6 10. cxd5 exd5 11. 0-0-0 Nbd7 12. e4 dxe4 13. Nxg6 hxg6 14. fxe4 Be7 15. Bc4 0-0-0 16. Bxf7 Nf8 17. g3 Ng4 18. Bf4 Qd7 19. e5 Qc7 20. d5 cxd5 21. Kb1 Qc4 22. Nxd5 1-0

[Event "PHI-ch (Women)"]
[Site "Manila"]
[Date "2008.07.07"]
[Round "6"]
[White "Bernales, Christy Lamiel"]
[Black "Cua, Shercila"]
[Result "1/2-1/2"]
[WhiteElo "1961"]
[BlackElo "2181"]
[PlyCount "110"]
[EventDate "2008.06.30"]
[EventType "tourn"]
[EventRounds "11"]
[EventCountry "PHI"]
[SourceTitle "CBM 125 Extra"]
[Source "ChessBase"]
[SourceDate "2008.09.01"]
[SourceVersion "1"]
[SourceVersionDate "2008.09.01"]
[SourceQuality "1"]

1. e4 c6 2. d4 d5 3. Nc3 dxe4 4. Nxe4 Bf5 5. Ng3 Bg6 6. Nf3 Nd7 7. Be2 Ngf6 8. 0-0 e6 9. Ne5 Nxe5 10. dxe5 Qxd1 11. Bxd1 Nd7 12. Bf4 Be7 13. Rc1 0-0-0 14. Bf3 Nc5 15. b3 Kc7 16. Rfe1 Rd7 17. Ne4 Bxe4 18. Bxe4 Rd4 19. f3 Nxe4 20. Rxe4 Rxe4 21. fxe4 Rd8 22. Kf2 Ba3 23. Rf1 Bb2 24. Ke2 b5 25. Be3 Rd7 26. Bxa7 Bxe5 27. h3 Bc3 28. Be3 b4 29. Rd1 Re7 30. Bd4 Bxd4 31. Rxd4 c5 32. Rc4 Kb6 33. c3 Kb5 34. cxb4 cxb4 35. Ke3 Ra7 36. Rc2 e5 37. Kf3 h6 38. Kg4 g6 39. g3 Ra6 40. Rd2 f6 41. h4 h5+ 42. Kf3 Rc6 43. Rd8 Rc3+ 44. Kf2 Rc2+ 45. Ke3 Rxa2 46. Rb8+ Kc5 47. Rc8+ Kb5 48. Rb8+ Kc5 49. Rc8+ Kd6 50. Rc4 Rg2 51. Kf3 Rd2 52. Ke3 Rg2 53. Kf3 Rd2 54. Ke3 Rg2 55. Kf3 Rd2 1/2-1/2